[Event "Druzynowe Mistrzostwa Polski Juniorow - II Liga"]
[Site "Iwonicz"]
[Date "2016-07-31"]
[Round "5.61"]
[White "Zarnowski, Krzysztof"]
[Black "Sloniewski, Kacper"]
[Result "1-0"]
[WhiteTitle "I++"]
[BlackTitle "II"]
[WhiteElo "2034"]
[BlackElo "1168"]

1. d4 Nf6 2. c4 c5 3. d5 b5 4. cxb5 a6 5. b6 d6 6. Nc3 g6 7. e4 Bg7 8. Be2 O-O
9. Nf3 Nbd7 10. O-O Qxb6 11. Nd2 Ne8 12. Nc4 Qb7 13. Bf4 Ne5 14. Nxe5 Bxe5 15.
Bxe5 dxe5 16. Na4 Qb4 17. Qc2 Nd6 18. Nxc5 Bb7 19. a3 Qa5 20. b4 Qc7 21. Rac1
Nb5 22. Qb2 Nd4 23. Ne6 Nxe2+ 24. Qxe2 Qd6 25. Nxf8 Kxf8 26. Qe3 Kg7 27. Qc5 Rc8
28. Qa7 Rc7 29. Rxc7 Qxc7 30. Qc5 Qd7 31. f3 f6 32. Rc1 Kf7 33. h3 Ke8 34. Qb6
Qb5 35. Qxb5+ axb5 36. Rc7 Ba6 37. Rc6 Bb7 38. Rb6 Bc8 39. Rxb5 Kd7 40. Rc5 Bb7
41. b5 f5 42. Kf2 Kd6 43. Rc4 h5 44. a4 fxe4 45. fxe4 e6 46. dxe6 Kxe6 47. a5
Kd6 48. a6 Ba8 49. b6 Bc6 50. b7 h4 51. b8=Q+ Kd7 52. Rxc6 g5 53. Qb7+ Kd8 54.
Rc8# 1-0

[Event "Druzynowe Mistrzostwa Polski Juniorow - II Liga"]
[Site "Iwonicz"]
[Date "2016-07-31"]
[Round "5.62"]
[White "Nowacka, Dorota"]
[Black "Kozubal, Aleksandra"]
[Result "1-0"]
[WhiteTitle "I"]
[BlackTitle "I++"]
[WhiteElo "1415"]
[BlackElo "1687"]

1. d4 d5 2. Nf3 Nf6 3. e3 c6 4. Bd3 Bg4 5. Nbd2 e6 6. h3 Bh5 7. O-O Nbd7 8. b3
Bd6 9. Bb2 O-O 10. g4 Bg6 11. Ne5 Ne8 12. f4 Bxd3 13. Nxd3 Qh4 14. Qf3 f5 15.
g5 h6 16. g6 Rf6 17. Kh2 Rxg6 18. Ne5 Nxe5 19. dxe5 Bb4 20. c3 Ba5 21. b4 Bb6
22. Nb3 Kf7 23. a4 Rg4 24. a5 Bc7 25. Nd4 g5 26. Bc1 a6 27. Bd2 Ng7 28. Be1 Qh5
29. Bg3 gxf4 30. exf4 Rg8 31. Rg1 Rg6 32. Qe3 Ne8 33. Ra2 Bd8 34. Rag2 Bh4 35.
Ne2 Bxg3+ 36. Nxg3 Qh4 37. Ne2 Rxg2+ 38. Rxg2 Rxg2+ 39. Kxg2 Ng7 40. Qb6 Qe7 41.
Nc1 Nh5 42. Nd3 Ke8 43. Qf2 Qg7+ 44. Kh2 Qe7 45. Nc5 Kd8 46. Qf3 Ng7 47. Qg3 Kc7
48. Qg6 Kd8 49. Qxh6 Qf7 50. Qf6+ Qxf6 51. exf6 Nh5 52. Nxe6+ Ke8 53. Ng7+ Nxg7
54. fxg7 Kf7 55. Kg3 Kxg7 56. Kf3 Kg6 57. Ke3 Kf6 58. Kd4 Ke6 59. Kc5 Kd7 60.
h4 Ke6 61. h5 Kf6 62. Kd6 Kg7 63. Ke6 Kh6 64. Kxf5 Kxh5 65. Ke5 Kg6 66. Ke6 Kh5
1-0

[Event "Druzynowe Mistrzostwa Polski Juniorow - II Liga"]
[Site "Iwonicz"]
[Date "2016-07-31"]
[Round "5.63"]
[White "Bober, Tomasz"]
[Black "Syrkiewicz, Michal"]
[Result "0-1"]
[WhiteTitle "II"]
[BlackTitle "II"]
[WhiteElo "1210"]
[BlackElo "1389"]

1. d4 Nf6 2. c4 e6 3. Nc3 d5 4. Bg5 Be7 5. e3 O-O 6. Bd3 h6 7. Bxf6 Bxf6 8. Nf3
b6 9. Ne2 Bb7 10. Nf4 Nd7 11. O-O dxc4 12. Bxc4 c5 13. Nh5 Rc8 14. Nxf6+ Nxf6
15. dxc5 Rxc5 16. Be2 Qc7 17. Rc1 Rc8 18. Rxc5 Qxc5 19. h3 Qc2 20. b3 Qxa2 21.
Bc4 Qa3 22. Nd4 a6 23. Qa1 Qxa1 24. Rxa1 b5 25. Be2 Nd5 26. Bf3 g6 27. Kf1 Kf8
28. Ke1 Ke7 29. Ne2 Kd6 30. Nf4 Rc7 31. Rd1 Ke7 32. Nxd5+ Bxd5 33. Bxd5 exd5 34.
Rxd5 Rc3 35. b4 Rc4 36. Rd4 Rc2 37. g3 Ke6 38. Kf1 f5 39. Kg2 Rc4 40. Kf3 Ke5
41. Rxc4 bxc4 42. Ke2 Kd5 43. g4 fxg4 44. hxg4 h5 0-1

[Event "Druzynowe Mistrzostwa Polski Juniorow - II Liga"]
[Site "Iwonicz"]
[Date "2016-07-31"]
[Round "5.64"]
[White "Sloniewska, Agata"]
[Black "Tomkiewicz, Szymon"]
[Result "1-0"]
[WhiteTitle "II"]
[BlackTitle "II"]
[WhiteElo "1028"]
[BlackElo "1268"]

1. c4 e5 2. g3 Nf6 3. Bg2 d5 4. cxd5 Nxd5 5. Nc3 c6 6. e3 Bf5 7. e4 Nxc3 8. bxc3
Bg6 9. Ne2 Bc5 10. d4 exd4 11. cxd4 Bb4+ 12. Bd2 Bxd2+ 13. Qxd2 O-O 14. O-O Re8
15. Nc3 c5 16. d5 Nd7 17. Rfe1 f5 18. f3 fxe4 19. fxe4 Qb6 20. Kh1 Rad8 21. Na4
Qa6 22. Qc2 b6 23. Qb3 Ne5 24. Nb2 Bf7 25. Bf1 Qc8 26. Nc4 Nf3 27. Qxf3 Re7 28.
d6 Ree8 29. e5 Rf8 30. Qe3 Bd5+ 31. Kg1 Bb7 32. e6 Qc6 33. Qe4 Qxe4 34. Rxe4 Bxe4
35. e7 Rxf1+ 36. Rxf1 Rb8 37. d7 Bc6 38. d8=Q+ Rxd8 39. exd8=Q+ Be8 40. Qxe8#
1-0

[Event "Druzynowe Mistrzostwa Polski Juniorow - II Liga"]
[Site "Iwonicz"]
[Date "2016-07-31"]
[Round "5.65"]
[White "Jurkiewicz, Zuzanna"]
[Black "Dabrowska, Aleksandra"]
[Result "1-0"]
[WhiteTitle "I+"]
[BlackTitle "I"]
[WhiteElo "1657"]
[BlackElo "1371"]

1. e4 g6 2. d4 Bg7 3. c4 d6 4. Be2 a6 5. Nf3 e6 6. O-O b6 7. Qc2 Bb7 8. Nc3 Ne7
9. Be3 Nd7 10. Rfd1 O-O 11. Rac1 Re8 12. Qd2 d5 13. cxd5 exd5 14. e5 f6 15. exf6
Nxf6 16. Bd3 Bc8 17. Ne5 Nf5 18. Bxf5 Bxf5 19. h3 Ne4 20. Nxe4 Bxe4 21. f4 Bxe5
22. fxe5 c5 23. Bg5 Qd7 24. b3 Rac8 25. Bf6 Rf8 26. Re1 Qe6 27. dxc5 bxc5 28.
Qa5 Qc6 29. Be7 Rfe8 30. Rxc5 Qe6 31. Bf6 Rf8 32. Rec1 Rfe8 33. Rc7 h5 34. Rg7+
Kf8 35. Qb4+ Re7 36. Rxc8+ Qxc8 37. Qxe7# 1-0

[Event "Druzynowe Mistrzostwa Polski Juniorow - II Liga"]
[Site "Iwonicz"]
[Date "2016-07-31"]
[Round "5.67"]
[White "Hasterok, Mateusz"]
[Black "Guzik, Natalia"]
[Result "0-1"]
[WhiteTitle "II+"]
[BlackTitle "I++"]
[WhiteElo "1695"]
[BlackElo "1608"]

1. d4 d5 2. c4 e6 3. Nc3 Nf6 4. Bf4 Be7 5. c5 c6 6. e3 Nbd7 7. h3 O-O 8. Nf3 b6
9. b4 a5 10. a3 Ba6 11. Bxa6 Rxa6 12. b5 cxb5 13. c6 Qc8 14. Nxb5 Qxc6 15. Qb3
Rc8 16. O-O a4 17. Qb2 Qc2 18. Rab1 Qxb2 19. Rxb2 Ne4 20. Ne5 Nxe5 21. Bxe5 Rc6
22. f3 Nd6 23. Bxd6 Bxd6 24. e4 Bf4 25. Kf2 Ra8 26. g3 Bc1 27. exd5 exd5 28. Re2
Bg5 29. f4 Bf6 30. Rb1 h6 31. Rb4 Rc4 32. Reb2 Rac8 33. Ke3 Be7 34. Rxc4 Rxc4
35. Kd3 Rc1 36. Re2 Kf8 37. Nc3 Ra1 38. Nxd5 Rxa3+ 39. Kc4 Bd6 40. Nxb6 Rxg3 41.
Kd5 Bb4 42. Nd7+ Kg8 43. Kc4 Ba3 44. Re8+ Kh7 45. Ra8 Rxh3 46. Rxa4 h5 47. Kd5
h4 48. f5 Be7 49. Ne5 Rh1 50. Nxf7 h3 51. Ne5 Rf1 52. Ra3 Bxa3 0-1

[Event "Druzynowe Mistrzostwa Polski Juniorow - II Liga"]
[Site "Iwonicz"]
[Date "2016-07-31"]
[Round "5.69"]
[White "Hasterok, Lukasz"]
[Black "Jagura, Norbert"]
[Result "1/2-1/2"]
[WhiteTitle "III"]
[BlackTitle "II"]
[WhiteElo "1185"]
[BlackElo "1505"]

1. e4 c6 2. d4 d5 3. Nc3 dxe4 4. Nxe4 Bf5 5. Ng3 Bg6 6. h4 h5 7. Nf3 Nd7 8. Bd3
Bxd3 9. Qxd3 Qc7 10. Bd2 e6 11. O-O-O O-O-O 12. c3 Ngf6 13. Bg5 Bd6 14. Ne4 Bf4+
15. Kb1 Bxg5 16. Nfxg5 Ne5 17. Qc2 Neg4 18. g3 Qe7 19. Rhf1 b6 20. Qa4 Kb7 21.
c4 e5 22. c5 Nxe4 23. Nxe4 b5 24. Qb4 Rxd4 25. Rxd4 exd4 26. Qxd4 Kc7 27. f3 Nf6
28. Nxf6 Qxf6 29. Qxf6 gxf6 30. Re1 Kd7 31. Rd1+ Kc7 32. Rd6 Rh6 33. g4 hxg4 34.
fxg4 Rxh4 35. Rxf6 Rxg4 36. Rxf7+ Kb8 37. Rf8+ 1/2-1/2

[Event "Druzynowe Mistrzostwa Polski Juniorow - II Liga"]
[Site "Iwonicz"]
[Date "2016-07-31"]
[Round "5.73"]
[White "Stochnialek, Dominika"]
[Black "Szydelko, Michal"]
[Result "1/2-1/2"]
[WhiteTitle "I"]
[BlackTitle "I"]
[WhiteElo "1439"]
[BlackElo "1622"]

1. e4 c5 2. Nf3 d6 3. d4 cxd4 4. Nxd4 Nf6 5. Nc3 Nc6 6. Be2 e6 7. Be3 Be7 8. O-O
O-O 9. Qd2 a6 10. Rad1 Qc7 11. Nb3 b5 12. a3 Bb7 13. f4 Rfd8 14. Bf3 Rac8 15.
Qf2 Nd7 16. Rd2 Na5 17. Nxa5 Qxa5 18. Ne2 b4 19. axb4 Qxb4 20. c3 Qa5 21. Ng3
Qc7 22. Rfd1 Nc5 23. b4 Nd7 24. Rc1 Bc6 25. Ra2 Qb7 26. Be2 Bb5 27. Bxb5 axb5
28. Ra5 Bf6 29. Bd2 Ra8 30. Rca1 Rxa5 31. Rxa5 Ra8 32. Rxa8+ Qxa8 33. Qe2 Qc6
34. Qd3 Nb6 35. Nh5 Be7 36. Ng3 d5 37. e5 Qc4 38. Qxc4 Nxc4 39. Be1 g5 1/2-1/2

[Event "Druzynowe Mistrzostwa Polski Juniorow - II Liga"]
[Site "Iwonicz"]
[Date "2016-07-31"]
[Round "5.74"]
[White "Sypien, Natan"]
[Black "Kus, Aleksander"]
[Result "0-1"]
[WhiteTitle "II"]
[BlackTitle "I"]
[WhiteElo "1461"]
[BlackElo "1818"]

1. d4 f5 2. Nf3 Nf6 3. c4 e6 4. Nc3 Bb4 5. Bd2 b6 6. g3 Bb7 7. Bg2 O-O 8. O-O Bxc3
9. Bxc3 d6 10. Nd2 Bxg2 11. Kxg2 Qe8 12. e3 Nbd7 13. Qe2 e5 14. b4 Qg6 15. d5
f4 16. exf4 exf4 17. Nf3 Rae8 18. Qb2 Ne5 19. Nd4 Ne4 20. f3 Nxc4 0-1

[Event "Druzynowe Mistrzostwa Polski Juniorow - II Liga"]
[Site "Iwonicz"]
[Date "2016-07-31"]
[Round "5.75"]
[White "Poltorak, Sebastian"]
[Black "Majocha, Piotr"]
[Result "0-1"]
[WhiteTitle "I"]
[BlackTitle "I"]
[WhiteElo "1707"]
[BlackElo "1751"]

1. d4 Nf6 2. c4 g6 3. Nc3 d5 4. cxd5 Nxd5 5. e4 Nxc3 6. bxc3 Bg7 7. Bc4 O-O 8.
Ne2 c5 9. O-O cxd4 10. cxd4 Nc6 11. Be3 Na5 12. Rc1 Nxc4 13. Rxc4 b6 14. e5 Bb7
15. Qc2 Ba6 16. Rc3 Rc8 17. Rc1 Qd7 18. Qd2 Bxe2 19. Qxe2 Rxc3 20. Rxc3 Rc8 21.
Rxc8+ Qxc8 22. h3 e6 23. Qb5 Bf8 24. Qa4 a6 25. Kh2 Be7 26. Qb3 Qc6 27. g3 b5
28. Kg1 Kg7 29. Qb2 a5 30. Qd2 b4 31. Bh6+ Kg8 32. Bg5 Bxg5 33. Qxg5 Qb6 34. Qd2
a4 35. Qb2 Qb5 36. Qc2 b3 37. axb3 axb3 38. Qc8+ Kg7 39. Qd8 Qd5 40. Qb8 h6 41.
Qb4 Qf3 42. Qd2 Qe4 43. Kh2 Qc2 44. Qf4 b2 45. Qf6+ Kg8 46. Qd8+ Kh7 47. Qf6 Qf5
0-1

[Event "Druzynowe Mistrzostwa Polski Juniorow - II Liga"]
[Site "Iwonicz"]
[Date "2016-07-31"]
[Round "5.76"]
[White "Lechman, Gabriel"]
[Black "Ullrich, Agata"]
[Result "1-0"]
[WhiteTitle "II"]
[BlackTitle "II"]
[WhiteElo "1226"]
[BlackElo "1196"]

1. c4 c5 2. g3 Nc6 3. Bg2 b6 4. Nf3 Nf6 5. Nc3 e6 6. e4 Bb7 7. d3 d5 8. exd5 exd5
9. O-O d4 10. Re1+ Be7 11. Nb5 O-O 12. Bf4 Ne8 13. Ne5 Nxe5 14. Bxb7 Rb8 15. Bd5
Bf6 16. Bxe5 Bxe5 17. Rxe5 a6 18. Na3 b5 19. Bg2 Qc7 20. Re1 Nd6 21. b3 Qa5 22.
Qc1 b4 23. Nb1 Qb6 24. Nd2 a5 25. Ne4 Nb7 26. Qf4 f5 27. Ng5 h6 28. Bd5+ Kh8 29.
Nf7+ Kh7 30. Qxf5+ g6 31. Qd7 Rxf7 32. Qxf7+ Kh8 33. Re8+ Rxe8 34. Qxe8+ Kh7 35.
Qf7+ Kh8 36. Qg8# 1-0

[Event "Druzynowe Mistrzostwa Polski Juniorow - II Liga"]
[Site "Iwonicz"]
[Date "2016-07-31"]
[Round "5.77"]
[White "Andrzejewska, Maja"]
[Black "Fajt, Patrycja"]
[Result "1-0"]
[WhiteTitle "II"]
[BlackTitle "II"]
[WhiteElo "1298"]
[BlackElo "1069"]

1. e4 e6 2. d4 c5 3. c3 b6 4. Be3 Nf6 5. Nd2 Bb7 6. f3 g6 7. Bd3 Bg7 8. Ne2 O-O
9. O-O d6 10. a3 cxd4 11. Nxd4 e5 12. Ne2 Ba6 13. Bxa6 Nxa6 14. Nc4 Ne8 15. f4
Qc7 16. Nd2 Qc6 17. f5 Nf6 18. Ng3 Nc5 19. Qf3 d5 20. exd5 Qxd5 21. fxg6 fxg6
22. Rae1 Nd3 23. Rb1 Rae8 24. Nde4 Nxe4 25. Qxe4 Rxf1+ 26. Kxf1 Qxe4 27. Nxe4
Rf8+ 28. Kg1 Nf4 29. Rd1 Ne2+ 30. Kh1 h6 31. g3 Rf3 32. Bf2 Bf8 33. Kg2 Rf5 34.
Re1 Nf4+ 35. gxf4 exf4 36. Kf3 Kf7 37. c4 g5 38. h3 Kg6 39. h4 Kh5 40. Rh1 g4+
41. Kg2 f3+ 42. Kf1 Re5 43. Nf6+ Kg6 44. Nxg4 Re2 45. Rh3 Rxb2 46. Rxf3 Rb1+ 47.
Kg2 Be7 48. Ne5+ Kg7 49. Rf7+ 1-0

[Event "Druzynowe Mistrzostwa Polski Juniorow - II Liga"]
[Site "Iwonicz"]
[Date "2016-07-31"]
[Round "5.78"]
[White "Wasala, Wiktoria"]
[Black "Roszkiewicz, Anna"]
[Result "1-0"]
[WhiteTitle "I"]
[BlackTitle "I"]
[WhiteElo "1365"]
[BlackElo "1445"]

1. e4 c5 2. Nc3 d6 3. f4 Nc6 4. g3 Nf6 5. Bg2 Bd7 6. Nf3 Qc7 7. d4 cxd4 8. Nxd4
Nxd4 9. Qxd4 e5 10. Qd3 Bc6 11. Be3 Ng4 12. O-O-O Nxe3 13. Qxe3 b5 14. Bf1 Rc8
15. Nxb5 Bxb5 16. Bxb5+ Kd8 17. Qd3 f6 18. c3 Qc5 19. Qd5 Qxd5 20. Rxd5 Be7 21.
Kc2 Kc7 22. b4 Rhd8 23. a4 Kb7 24. Kb3 Rc7 25. Bc4 a6 26. Rd3 Rdc8 27. Bd5+ Ka7
28. a5 Rb8 29. c4 Rcc8 30. Ka4 Rc7 31. Rc1 Rcc8 32. Rdc3 Bd8 33. b5 axb5+ 34.
cxb5 Rxc3 35. Rxc3 h6 36. f5 1-0

[Event "Druzynowe Mistrzostwa Polski Juniorow - II Liga"]
[Site "Iwonicz"]
[Date "2016-07-31"]
[Round "5.79"]
[White "Tokarz, Krzysztof"]
[Black "Zylinski, Piotr"]
[Result "1-0"]
[WhiteTitle "II+"]
[BlackTitle "I"]
[WhiteElo "1637"]
[BlackElo "1577"]

1. Nf3 d5 2. d4 Bf5 3. e3 e6 4. c4 c6 5. Nc3 Nd7 6. Bd3 Ne7 7. O-O Bxd3 8. Qxd3
Nf5 9. cxd5 cxd5 10. Nxd5 Bd6 11. Bd2 O-O 12. Nc3 Rc8 13. Rac1 a6 14. a3 Re8 15.
Ne4 Bb8 16. Rxc8 Qxc8 17. Rc1 Qd8 18. Bc3 Ne7 19. Qd1 Nd5 20. Qb3 b5 21. Bb4 N7b6
22. Ba5 Qe7 23. Bxb6 Nxb6 24. Nc5 Qa7 25. Nd3 Qb7 26. Qd1 Bd6 27. Nd2 e5 28. dxe5
Bxe5 29. Nxe5 Rxe5 30. e4 h6 31. Qc2 Nc4 32. Nxc4 bxc4 33. f3 Qb6+ 34. Kf1 Qb5
35. a4 Qb8 36. Qxc4 Qxb2 37. Qc3 Qxc3 38. Rxc3 Re6 39. g4 Kf8 40. Ke2 Rd6 41.
Ke3 Ke7 42. f4 g6 43. Rc7+ Ke6 44. a5 Rd1 45. Rc6+ Kd7 46. Rxa6 Ra1 47. Kd3 Rg1
48. Ra7+ Kc6 49. Rxf7 Rxg4 50. a6 Rg1 51. a7 Ra1 52. Rf6+ Kc5 53. Rxg6 Rxa7 54.
Rxh6 Ra3+ 55. Ke2 Kd4 56. Re6 Rh3 57. f5 Rxh2+ 58. Kf3 Rh8 59. f6 Rf8 60. Kf4
1-0

[Event "Druzynowe Mistrzostwa Polski Juniorow - II Liga"]
[Site "Iwonicz"]
[Date "2016-07-31"]
[Round "5.80"]
[White "Radecki, Adam"]
[Black "Szczuraszyk, Jaroslaw"]
[Result "1/2-1/2"]
[WhiteTitle "I"]
[BlackTitle "II"]
[WhiteElo "1595"]
[BlackElo "1643"]

1. f4 d5 2. e3 g6 3. Nf3 Bg7 4. Be2 c5 5. O-O Nf6 6. d3 O-O 7. Qe1 b6 8. Nbd2 Bb7
9. c3 e6 10. Qh4 Nc6 11. g4 Ne8 12. Qh3 d4 13. cxd4 cxd4 14. e4 e5 15. fxe5 Nxe5
16. Nxe5 Bxe5 17. Nf3 Bf6 18. Bd2 Nc7 19. Bb4 Re8 20. Qg3 Ne6 21. Bd1 a5 22. Bd6
a4 23. Rc1 b5 24. Ne5 Bh4 25. Nxf7 Bxg3 26. Nxd8 Bxd6 27. Nxb7 Bf4 28. Rc6 Be3+
29. Kh1 Nf4 30. Bc2 Rac8 31. Na5 Rxc6 32. Nxc6 Rc8 33. Nb4 Bd2 34. Bd1 g5 35.
Nd5 Rc1 36. Nxf4 Bxf4 37. b3 Ra1 38. bxa4 Kg7 39. axb5 Rxa2 40. Bb3 Rxh2+ 41.
Kg1 Rh3 1/2-1/2

[Event "Druzynowe Mistrzostwa Polski Juniorow - II Liga"]
[Site "Iwonicz"]
[Date "2016-07-31"]
[Round "5.81"]
[White "Mazurek, Bartosz"]
[Black "Panek, Bartosz"]
[Result "1/2-1/2"]
[WhiteTitle "II"]
[BlackTitle "II+"]
[WhiteElo "1462"]
[BlackElo "1679"]

1. d4 d5 2. c4 e6 3. Nc3 c5 4. e3 Nf6 5. Nf3 Nc6 6. a3 b6 7. cxd5 exd5 8. Bb5 Qd6
9. O-O Bd7 10. Re1 Be7 11. e4 Nxe4 12. dxc5 Qxc5 13. Be3 Nxc3 14. Bxc5 Nxd1 15.
Bxc6 Bxc6 16. Bxe7 Ba4 17. Nd2 Nxb2 18. Bf6+ Kd7 19. Bxb2 f6 20. f3 Rhe8 21. Kf2
Kd6 22. Rxe8 Rxe8 23. Rc1 Bb5 24. Re1 Rc8 25. Rc1 Re8 26. Re1 Rc8 27. Rc1 Re8
28. Re1 1/2-1/2

[Event "Druzynowe Mistrzostwa Polski Juniorow - II Liga"]
[Site "Iwonicz"]
[Date "2016-07-31"]
[Round "5.82"]
[White "Piechota, Kamil"]
[Black "Kebel, Bartosz"]
[Result "1-0"]
[WhiteTitle "II"]
[BlackTitle "II"]
[WhiteElo "1337"]
[BlackElo "1308"]

1. e4 c5 2. c3 d5 3. exd5 Qxd5 4. d4 Nc6 5. Nf3 Bg4 6. Be2 e6 7. O-O Nf6 8. h3
Bh5 9. Be3 cxd4 10. Nxd4 Bxe2 11. Qxe2 Be7 12. Nb5 Rc8 13. Nxa7 Nxa7 14. Bxa7
O-O 15. Be3 Rfd8 16. Nd2 Qd3 17. Qxd3 Rxd3 18. Nf3 Rcd8 19. Bd4 Nd5 20. Rfe1 Bf6
21. Bxf6 Nxf6 22. Re2 Rd1+ 23. Rxd1 Rxd1+ 24. Re1 Rxe1+ 25. Nxe1 Ne4 26. Kf1 Kf8
27. Ke2 Ke7 28. Ke3 Nc5 29. b3 Kd6 30. Nf3 f6 31. g4 h6 32. h4 g5 33. hxg5 hxg5
34. Nd2 Kd5 35. c4+ Ke5 36. Nf3+ Kd6 37. Ne1 f5 38. f3 Nd7 39. Nd3 Nf6 40. Nf2
Ke5 41. Nh3 Nh7 42. gxf5 exf5 43. f4+ gxf4+ 44. Nxf4 Ng5 45. Nd3+ Kd6 46. Kf4
Ne6+ 47. Kxf5 Nd4+ 48. Ke4 Nc2 49. a4 Na3 50. Kd4 Nc2+ 51. Kc3 Ne3 52. b4 Kc6
53. Nf4 Nf5 54. a5 1-0

[Event "Druzynowe Mistrzostwa Polski Juniorow - II Liga"]
[Site "Iwonicz"]
[Date "2016-07-31"]
[Round "5.83"]
[White "Tomaszek, Katarzyna"]
[Black "Robakowska, Paulina"]
[Result "0-1"]
[WhiteTitle "II"]
[BlackTitle "I"]
[WhiteElo "1124"]
[BlackElo "1341"]

1. e4 c5 2. Nf3 Nc6 3. g3 Nf6 4. d3 e6 5. Bg2 d5 6. Nbd2 g6 7. O-O Bg7 8. Re1 O-O
9. c3 Rb8 10. a4 b6 11. b4 Re8 12. bxc5 bxc5 13. e5 Nd7 14. d4 Qa5 15. Qc2 c4
16. Nb1 a6 17. Ba3 Qd8 18. Bd6 Rb7 19. Nbd2 Na5 20. Rab1 Nb6 21. Bc5 Bf8 22. Bxb6
Rxb6 23. Rxb6 Qxb6 24. Rb1 Qc6 25. h4 h5 26. Ng5 Bd7 27. Ndf3 Nb3 28. g4 Qxa4
29. gxh5 Nxd4 30. Nxd4 Qxc2 31. Nxc2 gxh5 32. Rb7 Re7 33. Nd4 Bb5 34. Rb8 Re8
35. Rb6 Bc5 36. Rb7 Re7 37. Rxe7 Bxe7 38. f4 Bd7 39. Bf3 a5 40. Bxh5 Bxg5 41.
fxg5 Kg7 42. Kg2 a4 43. Nc2 Bc6 44. Kg3 Be8 45. Kf4 Kh7 46. Bd1 Kg7 47. h5 Kh7
48. Na3 Kg7 49. Bc2 Kg8 50. g6 fxg6 51. hxg6 Kg7 52. Kg5 Bd7 53. Bd1 Be8 54. Bh5
Bc6 55. Bg4 Bd7 56. Kh5 Bc8 57. Kg5 Bd7 58. Bd1 Be8 59. Nb1 Bxg6 60. Bxa4 Bxb1
61. Bd7 Bf5 62. Bc8 d4 63. cxd4 c3 64. d5 c2 65. d6 c1=Q+ 66. Kh4 Qxc8 0-1

[Event "Druzynowe Mistrzostwa Polski Juniorow - II Liga"]
[Site "Iwonicz"]
[Date "2016-07-31"]
[Round "5.85"]
[White "Hladun, Bartlomiej"]
[Black "Szustakowski, Antoni"]
[Result "0-1"]
[WhiteTitle "II"]
[BlackTitle "I++"]
[WhiteElo "1469"]
[BlackElo "2033"]

1. e4 e6 2. d4 d5 3. Nc3 Bb4 4. Nge2 Nf6 5. Bg5 dxe4 6. a3 Be7 7. Bxf6 gxf6 8.
Nxe4 f5 9. Nd2 c5 10. dxc5 Bxc5 11. Nb3 Qxd1+ 12. Rxd1 Be7 13. Ned4 a6 14. Be2
Rg8 15. g3 e5 16. Nf3 Nc6 17. Rd2 Be6 18. c4 a5 19. Kd1 a4 20. Na1 e4 21. Nd4
Nxd4 22. Rxd4 Bc5 23. Rd2 Bxf2 24. Nc2 Ke7 25. Nb4 Rgd8 26. Kc2 Rxd2+ 27. Kxd2
Rd8+ 28. Kc2 Rc8 29. Kb1 Bxc4 30. Rc1 Be6 31. Nd5+ Kd6 32. Nc3 Ke5 33. Rf1 Bd4
34. Nb5 Be3 35. Nc3 Bc4 36. Rc1 Bd2 37. Rd1 Bxc3 38. Bxc4 Rxc4 39. bxc3 Rxc3 40.
Kb2 Rc6 41. Rd7 e3 42. Re7+ Re6 43. Rc7 e2 44. Rc1 Kd4 45. Re1 Ke3 46. Kc3 Rc6+
47. Kb2 Kd2 0-1

[Event "Druzynowe Mistrzostwa Polski Juniorow - II Liga"]
[Site "Iwonicz"]
[Date "2016-07-31"]
[Round "5.86"]
[White "Kozlowski, Bartlomiej"]
[Black "Pawletko, Szymon"]
[Result "0-1"]
[WhiteTitle "II"]
[BlackTitle "II+"]
[WhiteElo "1474"]
[BlackElo "1543"]

1. e4 c5 2. Bc4 Nc6 3. Nf3 e6 4. Nc3 g6 5. d3 Bg7 6. O-O Nge7 7. Bd2 d5 8. Bb3
O-O 9. Qc1 Nd4 10. Nxd4 cxd4 11. Ne2 dxe4 12. dxe4 b6 13. Bc4 Bb7 14. f3 Qc7 15.
Bd3 Rfd8 16. Rd1 Rac8 17. Bg5 Rd7 18. Bxe7 Rxe7 19. Qd2 Rd7 20. Qb4 Bh6 21. Bb5
Bc6 22. Ba6 Rcd8 23. Kh1 e5 24. Bd3 a5 25. Qe1 Be3 26. Ng1 b5 27. Nh3 b4 28. a4
Qb6 29. b3 Rc7 30. Bc4 Bb7 31. Bd3 Rdc8 32. Qe2 Rc6 33. g3 Ba6 34. Ra2 Bxd3 35.
cxd3 Rc3 36. Rb2 Qe6 37. f4 Qxh3 38. fxe5 Rc1 39. Rb1 R8c2 0-1

[Event "Druzynowe Mistrzostwa Polski Juniorow - II Liga"]
[Site "Iwonicz"]
[Date "2016-07-31"]
[Round "5.89"]
[White "Filipska, Maja"]
[Black "Reszka, Zofia"]
[Result "1-0"]
[WhiteTitle "I+"]
[BlackTitle "II+"]
[WhiteElo "1406"]
[BlackElo "1127"]

1. e4 c5 2. Nf3 e6 3. d4 cxd4 4. Nxd4 a6 5. Bd3 Qc7 6. O-O Nf6 7. Be3 b5 8. a4
b4 9. Nd2 Bb7 10. Qe2 Bc5 11. N4b3 Bd6 12. h3 O-O 13. a5 Nc6 14. Nc4 Ne5 15. Nxd6
Qxd6 16. Bc5 Qc6 17. Bxf8 Rxf8 18. Nd4 Qc5 19. Nf3 Nxd3 20. cxd3 d5 21. e5 Nh5
22. Rfc1 Qe7 23. Rc2 Nf4 24. Qe3 Ng6 25. Rac1 Qd8 26. Rc7 Qa8 27. Qb6 Rc8 28.
Rxc8+ Bxc8 29. Qd8+ Nf8 30. Rxc8 Qxc8 31. Qxc8 g6 32. Ng5 Kg7 33. Qe8 h6 34. Qxf7+
Kh8 35. Qxf8# 1-0

[Event "Druzynowe Mistrzostwa Polski Juniorow - II Liga"]
[Site "Iwonicz"]
[Date "2016-07-31"]
[Round "6.1"]
[White "Brozyna, Mateusz"]
[Black "Molenda, Marcin"]
[Result "0-1"]
[WhiteTitle "I"]
[BlackTitle "k"]
[WhiteElo "1831"]
[BlackElo "2267"]

1. d4 Nf6 2. c4 e6 3. Nf3 d5 4. g3 Be7 5. Bg2 O-O 6. O-O c6 7. Qc2 Ne4 8. Nc3 f5
9. a3 Nd7 10. b4 Qe8 11. b5 Qh5 12. a4 Nb6 13. Ne5 Bf6 14. Bf3 Qe8 15. Ba3 Bxe5
16. Bxf8 Bxd4 17. Bb4 c5 18. Rad1 cxb4 19. Rxd4 bxc3 20. cxd5 Nxd5 21. Bxe4 fxe4
22. Qxe4 Bd7 23. Qd3 a6 24. e4 Nf6 25. bxa6 Rxa6 26. Qxc3 Rxa4 27. Rfd1 Rxd4 28.
Qxd4 Bc6 29. f3 Qd7 30. Kf2 Qxd4+ 31. Rxd4 e5 32. Rd1 Kf7 33. Ke3 Ke6 34. Rd8
b5 35. g4 g5 36. Rc8 Bd7 37. Rb8 h5 38. Rb6+ Kf7 39. gxh5 Nxh5 40. Rh6 Nf6 41.
Rh8 Be8 42. Rh3 g4 43. Rg3 gxf3 44. Rxf3 Bc6 45. Rf1 Bxe4 46. h4 b4 47. Rf2 b3
48. h5 Bc2 49. Kd2 Ke6 50. Rg2 Nxh5 0-1

[Event "Druzynowe Mistrzostwa Polski Juniorow - II Liga"]
[Site "Iwonicz"]
[Date "2016-07-31"]
[Round "6.2"]
[White "Drozniak, Stanislaw"]
[Black "Piwowarczyk, Arkadiusz"]
[Result "1-0"]
[WhiteTitle "I++"]
[BlackTitle "II"]
[WhiteElo "2135"]
[BlackElo "1568"]

1. e4 e5 2. Nf3 Nc6 3. d4 exd4 4. Nxd4 d6 5. c4 Nf6 6. Nc3 Nxd4 7. Qxd4 Be7 8.
Be2 h6 9. O-O O-O 10. Kh1 c6 11. Be3 Ng4 12. Bxg4 Bxg4 13. f3 Be6 14. b3 d5 15.
cxd5 cxd5 16. Nxd5 Bxd5 17. Qxd5 b6 18. Rfd1 Qxd5 19. exd5 Bd6 20. Kg1 Rfe8 21.
Kf2 Rac8 22. Rac1 Rxc1 23. Rxc1 Kf8 24. f4 f6 25. Kf3 g5 26. Rc4 g4+ 27. Kf2 h5
28. g3 f5 29. Rc2 Ke7 30. Bd4 Kd7 31. Re2 Rc8 32. Ke3 Rc1 33. Kd3 Rc8 34. a4 Bc7
35. a5 bxa5 36. Bxa7 Ra8 37. Bc5 Bd8 38. Kd4 Bf6+ 39. Kc4 a4 40. Ra2 a3 41. Rxa3
Rxa3 42. Bxa3 Bd8 43. Bc5 h4 44. b4 hxg3 45. hxg3 Bf6 46. Bd4 Bd8 47. b5 Ba5 48.
Bf2 Kc7 49. b6+ Kb7 50. Kb5 Bc3 51. Kc5 Kc8 52. Kc6 1-0

[Event "Druzynowe Mistrzostwa Polski Juniorow - II Liga"]
[Site "Iwonicz"]
[Date "2016-07-31"]
[Round "6.3"]
[White "Suder, Jakub"]
[Black "Galuszka, Tomasz"]
[Result "0-1"]
[WhiteTitle "I"]
[BlackTitle "II+"]
[WhiteElo "1751"]
[BlackElo "1768"]

1. d4 d5 2. c4 c6 3. cxd5 cxd5 4. Nc3 Nc6 5. Bf4 Nf6 6. e3 a6 7. Bd3 e6 8. Rc1
Bd6 9. Bxd6 Qxd6 10. f4 O-O 11. Nf3 b5 12. O-O Bb7 13. Qe1 Ne7 14. Ne5 Ne4 15.
Rf3 f6 16. Ng4 f5 17. Ne5 Ng6 18. Rh3 Qe7 19. Bxe4 dxe4 20. Nxg6 hxg6 21. Rg3
Kf7 22. Rg5 Rac8 23. g4 Rfd8 24. gxf5 gxf5 25. Qh4 Qf6 26. Qh5+ g6 27. Qh7+ Qg7
28. Qxg7+ Kxg7 29. Rf1 Kf6 30. Rg2 Bc6 31. a3 a5 32. Ra1 Ra8 33. Rc2 b4 34. Ne2
Bb5 35. Kf2 Bd3 36. Rc5 Rh8 37. Rh1 bxa3 38. bxa3 Rab8 39. Nc1 Rh3 40. Rxa5 Rb2+
41. Ke1 Rxe3+ 42. Kd1 Rf3 43. h4 Rxf4 44. Rc5 Rf1+ 45. Rxf1 Bxf1 46. Rc6 Bb5 47.
Rc7 Rh2 48. Rh7 Ba4+ 49. Ke1 Rh1+ 50. Kd2 Rd1+ 0-1

[Event "Druzynowe Mistrzostwa Polski Juniorow - II Liga"]
[Site "Iwonicz"]
[Date "2016-07-31"]
[Round "6.4"]
[White "Gazik, Jakub"]
[Black "Piwowarczyk, Bartlomiej"]
[Result "1-0"]
[WhiteTitle "II"]
[BlackTitle "II+"]
[WhiteElo "1509"]
[BlackElo "1425"]

1. d4 d5 2. Nf3 Nf6 3. e3 c5 4. b3 Nc6 5. Bb2 cxd4 6. Nxd4 e6 7. Nd2 Bc5 8. N2f3
O-O 9. Nxc6 bxc6 10. Ne5 Qc7 11. a3 Bd6 12. Nf3 e5 13. h3 Qa5+ 14. Qd2 Qc7 15.
Be2 Ne4 16. Qc1 f5 17. Nd2 Ng5 18. c4 Qb7 19. c5 Bb8 20. b4 Rd8 21. Nf3 Qe7 22.
a4 d4 23. exd4 Nxf3+ 24. Bxf3 exd4+ 25. Kf1 Qe8 26. b5 cxb5 27. Bxa8 Ba6 28. Bf3
bxa4+ 29. Kg1 d3 30. Qg5 Rd7 31. g3 d2 32. Kg2 Bc7 33. Bd5+ Kh8 34. Bc6 Bb8 35.
Qxf5 Rf7 36. Bxe8 Rxf5 37. Rhd1 Rd5 38. Bc6 Rd8 39. Bc3 Be5 40. Bxe5 Be2 41. Bf4
Bxd1 42. Rxd1 a3 43. Rxd2 Rc8 44. Bb7 Re8 45. c6 1-0